Scuderie Vincitrici dei Gran Premi di Formula 1 2012 - Statistics

Statistiche generali
  • Questo quiz è stato fatto 40 volte
  • Il punteggio medio è 20 su 20
Statistiche sulle risposte
Gran Premio Scuderia vincitrice % Corretto
Gran Premio della Malesia Ferrari
100%
Gran Premio d'Europa Ferrari
100%
Gran Premio di Germania Ferrari
100%
Gran Premio d'Australia McLaren-Mercedes
100%
Gran Premio del Canada McLaren-Mercedes
100%
Gran Premio d'Ungheria McLaren-Mercedes
100%
Gran Premio del Belgio McLaren-Mercedes
100%
Gran Premio d'Italia McLaren-Mercedes
100%
Gran Premio degli Stati Uniti McLaren-Mercedes
100%
Gran Premio del Brasile McLaren-Mercedes
100%
Gran Premio del Bahrein Red Bull Racing-Renault
100%
Gran Premio di Monaco Red Bull Racing-Renault
100%
Gran Premio di Gran Bretagna Red Bull Racing-Renault
100%
Gran Premio di Singapore Red Bull Racing-Renault
100%
Gran Premio del Giappone Red Bull Racing-Renault
100%
Gran Premio di Corea Red Bull Racing-Renault
100%
Gran Premio d'India Red Bull Racing-Renault
100%
Gran Premio di Cina Mercedes
88%
Gran Premio di Spagna Williams-Renault
88%
Gran Premio di Abu Dhabi Lotus-Renault
80%
Nessun quiz corrispondente trovato
Distribuzione punteggi
Percentuale di utenti per punteggio
Percentile per numero di risposta
I tuoi punteggi nel tempo
Non hai fatto questo quiz